UBT Library

Blackstone's statutes on contract, tort & restitution : (Record no. 324)

000 -LEADER
fixed length control field 00896cam a2200301 a 4500
005 - DATE AND TIME OF LATEST TRANSACTION
control field 20131115092904.0
008 - FIXED-LENGTH DATA ELEMENTS--GENERAL INFORMATION
fixed length control field 030806s2002 enk 001 0 eng d
020 ## - INTERNATIONAL STANDARD BOOK NUMBER
International Standard Book Number 1841742074
041 0# - LANGUAGE CODE
Language code of text/sound track or separate title eng
080 ## - UNIVERSAL DECIMAL CLASSIFICATION NUMBER
Universal Decimal Classification number 341
Common auxiliary subdivision (094.4)
245 00 - TITLE STATEMENT
Title Blackstone's statutes on contract, tort & restitution :
Statement of responsibility, etc edited by F.D. Rose.
246 30 - VARYING FORM OF TITLE
Title proper/short title Contract, tort & restitution
250 ## -
-- 12th ed.
260 ## -
-- Oxford :
-- Oxford University Press ;
-- 2002.
300 ## -
-- 574 f. ;
-- 22 cm.
440 #0 -
-- Blackstone's statutes
490 ## -
-- Blackstone's statutes
500 ## -
-- Preface : f. [XI]-XII
500 ## -
-- Includes index.
650 #0 -
-- Kotratat
-- Angli
650 #0 -
-- Kontratat
-- Wales.
650 #0 -
-- Ligji
-- Anglia
650 #0 -
-- Ligji
-- Wales.
650 #0 -
-- Dëmshpërblimi
-- Angli.
650 #0 -
-- Dëmshpërblimi
-- Wales.
700 1# -
-- Rose, F. D.
-- (Francis D.)
942 ## - ADDED ENTRY ELEMENTS (KOHA)
Source of classification or shelving scheme
Item type Books
Holdings
Withdrawn status Lost status Source of classification or shelving scheme Damaged status Not for loan Collection code Permanent location Current location Shelving location Date acquired Total Checkouts Full call number Barcode Date last seen Koha item type
          Koleksioni i përgjithshem UBT - Prishtine UBT - Prishtine Koleksioni i përgjithshem 11/15/2013   341(094.4) STA 001-000426 11/15/2013 Books
          Koleksioni i përgjithshem UBT - Prishtine UBT - Prishtine Koleksioni i përgjithshem 11/15/2013   341(094.4) STA 001-000437 11/15/2013 Books
          Koleksioni i përgjithshem UBT - Prishtine UBT - Prishtine Koleksioni i përgjithshem 11/15/2013   341(094.4) STA 001-000438 11/15/2013 Books
          Koleksioni i përgjithshem UBT - Prishtine UBT - Prishtine Koleksioni i përgjithshem 11/15/2013   341(094.4) STA 001-000439 11/15/2013 Books
          Koleksioni i përgjithshem UBT - Prishtine UBT - Prishtine Koleksioni i përgjithshem 11/15/2013   341(094.4) STA 001-000440 11/15/2013 Books
          Koleksioni i përgjithshem UBT - Prishtine UBT - Prishtine Koleksioni i përgjithshem 11/15/2013   341(094.4) STA 001-000441 11/15/2013 Books
UBT Library © 2015-2024. All rights reserved University Education for Business and Technology